Disarmament forum: tackling illicit brokering (Record no. 40274)

MARC details
000 -LEADER
fixed length control field 00660nas a2200193 a 4500
008 - FIXED-LENGTH DATA ELEMENTS--GENERAL INFORMATION
fixed length control field 101111c20099999||||||||||||||||| || u
050 ## - LIBRARY OF CONGRESS CALL NUMBER
Classification number UNIDIR(05)DF
100 ## - MAIN ENTRY--PERSONAL NAME
Personal name Compagnion, Valerie
245 10 - TITLE STATEMENT
Title Disarmament forum: tackling illicit brokering
Statement of responsibility, etc. Edited by Kerstin Vignard, Jane Linekar and Valerie Compagnion
260 ## - PUBLICATION, DISTRIBUTION, ETC.
Place of publication, distribution, etc. Geneva
Name of publisher, distributor, etc. United Nations Institute for Disarmament Research [UNIDIR]
Date of publication, distribution, etc. 2009
300 ## - PHYSICAL DESCRIPTION
Extent iii, 60p. :ill
350 ## - PRICE (NR) (BK AM CF MU VM SE) [OBSOLETE]
Price 0.00
500 ## - GENERAL NOTE
General note Issue 3
650 ## - SUBJECT ADDED ENTRY--TOPICAL TERM
Topical term or geographic name entry element PEACEKEEPING
650 ## - SUBJECT ADDED ENTRY--TOPICAL TERM
Topical term or geographic name entry element ARMS CONTROL
700 ## - ADDED ENTRY--PERSONAL NAME
Personal name Linekar, Jane
700 ## - ADDED ENTRY--PERSONAL NAME
Personal name Vignard, Kerstin
710 ## - ADDED ENTRY--CORPORATE NAME
Corporate name or jurisdiction name as entry element United Nations Institute for Disarmament Research (UNIDIR)
Holdings
Withdrawn status Lost status Source of classification or shelving scheme Damaged status Not for loan Home library Current library Date acquired Total Checkouts Full call number Date last seen Price effective from Koha item type
          CBU-MAIN LIBRARY, KITWE. CBU-MAIN LIBRARY, KITWE. 11/30/2022   UNIDIR(05)DF 11/30/2022 11/30/2022 MONOGRAPH